000 00431nam a22001697a 4500
005 20260211150054.0
008 260211b |||||||| |||| 00| 0 eng d
020 _a978-1-265-15506-3
100 _aMADER, SYLVIA S.
245 _aHUMAN BIOLOGY
260 _aNEW YORK
_bMCGRAW HILL
_c2025
300 _aXIII, 537P.
500 _aINCLUDES INDEX
650 _aHUMAN BIOLOGY
700 _aWINDELSPECHT, MICHAEL
942 _2lcc
_cBK
999 _c216574
_d216574